000
00341nam a2200145Ia 4500
008
230718s9999 xx 000 0 und d
041
_a
Eng.
082
_a
346.052
_b
DOS -H
100
_a
Costa, Roland
245
0
_a
Holloway's Puchowe Hadbad
260
_a
Pakistan
_b
Longman law pub
_c
1983
300
_a
328
650
_a
Law
999
_c
26265
_d
26265